Fence / (Record no. 147997)

MARC details
000 -LEADER
fixed length control field 00529nam a22001937a 4500
005 - DATE AND TIME OF LATEST TRANSACTION
control field 20171214144926.0
010 ## - LCCN (DPL NO)
LC control number ENG-121892
020 ## - INTERNATIONAL STANDARD BOOK NUMBER
International Standard Book Number 9789383074877
Terms of availability 350.00
035 ## - SYSTEM CONTROL NUMBER
System control number EN-105424
037 ## - SOURCE OF ACQUISITION
Source of stock number/acquisition DBAD/PUB
082 ## - DEWEY DECIMAL CLASSIFICATION NUMBER
Classification number N
100 ## - MAIN ENTRY--PERSONAL NAME
Personal name Mehta,Ila Arab
245 ## - TITLE STATEMENT
Title Fence /
Statement of responsibility, etc by Ila Arab Mehta ; Translated by Rita Kothari
260 ## - PUBLICATION, DISTRIBUTION, ETC. (IMPRINT)
Place of publication, distribution, etc New Delhi
Name of publisher, distributor, etc Zubaan
Date of publication, distribution, etc 2015
270 ## - ADDRESS
Address 128B Shahpur Jat, 1st Floor
City New Delhi
Postal code 110049
300 ## - PHYSICAL DESCRIPTION
Extent vii,232p.
Dimensions 20cm(pbk)
700 ## - ADDED ENTRY--PERSONAL NAME
Personal name Kothari,Rita
942 ## - ADDED ENTRY ELEMENTS (KOHA)
Source of classification or shelving scheme Dewey Decimal Classification
Item type English Books
Classification part N
Call number suffix MEH
Holdings
Withdrawn status Lost status Not for loan Collection code Home library Current library Date acquired Source of acquisition Cost, normal purchase price Full call number Barcode Copy number Cost, replacement price Koha item type
    Not For Loan Fiction D.B.Act.Division Bawana 14/12/2017 DBAD/PUB 350.00 N MEH EN-105424 1 350.00 English Books

© Delhi Public Library
Hit Counter
free hit counter